00867nam a22002297a 45000010005000000030006000050050017000110080041000280200018000690400029000870500013001160820011001291000030001402450052001703000050002224900033002725050008003055200250003135210020005635210021005836500033006043865FISKH20240520093226.0240520b cb ||||| |||| 00| 0 eng d a9781338171426 aFISKHbengcFISKHdFISKH aT174.A56 a620.5  aAmstutz, Lisa J.eauthor  aDiscover Nanotechnology / cby Lisa J. Amstutz  a40 pages : bcolor illustrations ; c24 cm .  aWhat's Cold About Science ?  aR  a"Have you ever wondered what would happen if scientists could change or control atoms, the smallest building blocks of the universe? Examine the science of nanotechnology with simple language and striking visuals that reinforce understanding."--8 a770 bLexile 8 aR bRaz-Plus  ananotechnologyvnon-fiction